Alle Länder des Oströmischen Reichs - Statistiken

Allgemein
  • Dieses Quiz wurde 6 mal gespielt
  • Das Durchschnittsergebnis liegt bei 19 aus 24
Antwortstatistiken
Antwort % Korrekt
Ägypten
100%
Bulgarien
100%
Griechenland
100%
Israel
100%
Libanon
100%
Nordmazedonien
100%
Rumänien
100%
Syrien
100%
Türkei
100%
Albanien
83%
Algerien
83%
Armenien
83%
Aserbaidschan
83%
Georgien
83%
Jordanien
83%
Tunesien
83%
Ukraine
83%
Moldawien
67%
Kosovo
67%
Marokko
50%
Polen
33%
Slowakei
33%
Tschechien
33%
Ungarn
33%
Keine übereinstimmenden Quizze gefunden
Verteilung der Resultate
Anzahl Personen mit jedem Resultat
Perzentil nach korrekt beantworteten Fragen
Ihre Resultats-Entwicklung
Sie haben dieses Quiz noch nicht gespielt